000 00711nam a2200253Ia 4500
003 OSt
005 20221006143659.0
006 a|||||r|||| 00| 0
007 ta
008 221006b |||||||| |||| 00| 0 eng d
020 _cP40.00
024 _a9,637
037 _cTextual
040 _aEASL
_cEASL
_beng
041 _2eng
_aeng
082 _aV42:3(Y).N9, P2
100 _aHIRATA Keiko
_9650228
245 0 _aCivil society in Japan
_b The growing role of NGOs in Tokyo's aid and development policy
260 _aNew York
_bPalgrave (Macmillan)
_c2002
300 _a208p.
_ccm.
490 _v JEL
942 _hV42:3(Y).N9, P2
_cTEXL
_2CC
999 _c1077723
_d1077723